000 00489nam a2200169Ia 4500
999 _c15787
_d15787
003 OSt
005 20200606115833.0
008 190216s9999||||xx |||||||||||||| ||und||
040 _cMESKC library
082 _a891.43
_bSHE/S
100 _aSheikh, Abdurasheed M
_9274
245 0 _aSameeksha Ke Charan /
_cAbdurasheed M Sheikh
260 _bPallav Prakashan,
_aDelhi:
_c1994.
300 _a126p
650 _aHindi
942 _cBK
_2ddc
_h891.43
_iSHE/S
_k891.43
_mSHE/S